000 00702nam a2200193Ia 4500
001 17702
003 GE_BSU
008 181216s||||||||xx |||||||||||||| ||und||
040 _cGE_BSU
080 _a624.15(035)
245 _aСправочник проектировщика, сложные основания и фундаменты.
245 _cПод ред. Ю.Г.Трофименкова, глав. ред. А.К.Волянский.
260 _aМ.
260 _bСтройиздат.
260 _c1969.
300 _a271 стр. с илл. 27 см.
653 _aСправочник проектировщика, сложные основания и фундаменты.
942 _cBK
999 _c50750
_d50750